Ataturk / (Record no. 25361)
[ view plain ]
| 000 -LEADER | |
|---|---|
| fixed length control field | 00550nam a22002051 4500 |
| 001 - CONTROL NUMBER | |
| control field | 25361 |
| 003 - CONTROL NUMBER IDENTIFIER | |
| rucl marc code | BD-RjUL |
| 005 - DATE AND TIME OF LATEST TRANSACTION | |
| control field | 20211209050852.0 |
| 008 - FIXED-LENGTH DATA ELEMENTS--GENERAL INFORMATION | |
| fixed length control field | 140318s1963 tu a 00000 fre d |
| 035 ## - SYSTEM CONTROL NUMBER | |
| System control number | (BD-RjUL)25431 |
| 040 ## - CATALOGING SOURCE | |
| Modifying agency | ANL |
| Original cataloging agency | BD-RjUL |
| Language of cataloging | eng |
| Transcribing agency | BD-RjUL |
| 041 ## - LANGUAGE CODE | |
| Language code of text/sound track or separate title | eng |
| 082 00 - DEWEY DECIMAL CLASSIFICATION NUMBER | |
| Classification number | 956.102 |
| Author mark and year | UNA 1963 |
| 110 20 - MAIN ENTRY--CORPORATE NAME | |
| Corporate name or jurisdiction name as entry element | Turkey National Commission for UNESCO. |
| 9 (RLIN) | 77989 |
| 245 #0 - TITLE STATEMENT | |
| Title | Ataturk / |
| Statement of responsibility, etc. | Unesco |
| 260 0# - PUBLICATION, DISTRIBUTION, ETC. (IMPRINT) | |
| Place of publication, distribution, etc. | Ankara : |
| Date of publication, distribution, etc. | UNESCO, |
| Name of publisher, distributor, etc. | 1963. |
| 300 ## - PHYSICAL DESCRIPTION | |
| Pagination | 232 p. ; |
| Size | 20 cm. |
| 600 10 - SUBJECT ADDED ENTRY--PERSONAL NAME | |
| Personal name | Ataturk, Kemal, |
| Dates associated with a name | 1881-1938. |
| 942 ## - ADDED ENTRY ELEMENTS (KOHA) | |
| Source of classification or shelving scheme | Dewey Decimal Classification |
| Koha item type | Books |
| Lost status | Source of classification or shelving scheme | Damaged status | Not for loan | Collection code | Permanent Location | Current Location | Shelving location | Date acquired | Source of acquisition | Total Checkouts | Full call number | Date last seen | Copy number | Koha item type |
|---|---|---|---|---|---|---|---|---|---|---|---|---|---|---|
| Dewey Decimal Classification | Added to bundle | Non-fiction | Central Library, University of Rajshahi | Central Library, University of Rajshahi | Reading Room | 11/11/1990 | Shukat osman | 956.102 UNA 1963 | 18/03/2014 | C-1 | Books |